000 00197 a2200097 4500
001 1609
100 _aPulsifer, H.B
245 _aInspection of metals
260 _a
_bA.S.M
_c
090 _c1147
_d1147
942 _aNUST-CAE
_cM
_c1636
999 _c236682
_d236682